animés sur le thème du sport - Statistiques

Statistiques générales
  • Ce quiz a été pris 710 fois
  • Le résultat moyen est 5 sur 11
Statistiques - réponses
animés % Correct
2 Haikyu!!
91%
3 Kuroko no basket
81%
8 Blue lock
77%
5 Inazuma Eleven
60%
9 Olive et tom
56%
11 Slam Dunk
46%
4 Hajime no Ippo
34%
10 Eyeshield 21
27%
1 Yuri!!! on ice
25%
7 Sk8 the infinity
10%
6 Ping Pong the Animation
6%
Aucun quiz correspondant
Distribution des résultats
% des personnes avec chaque résultat
Percentile par nombre de réponses
Votre historique - résultats
Vous n’avez pas pris ce quiz